[Event "DEM U14"]
[Site "Willingen"]
[Date "2006.06.05"]
[Round "4.14"]
[White "Steinacker, Alex"]
[Black "Marx, Joschka"]
[Result "1-0"]
[WhiteElo "1605"]
[BlackElo "1674"]
[PlyCount "57"]
[EventDate "2006.??.??"]
[EventType "swiss"]
[EventRounds "9"]
[EventCountry "GER"]

1. c4 e5 2. Nc3 g6 3. g3 Bg7 4. Bg2 Ne7 5. e3 Nbc6 6. Nge2 O-O 7. O-O d6 8. d4
f5 9. a3 a5 10. d5 Nb8 11. f3 Nd7 12. Rb1 Nb6 13. b3 Bd7 14. a4 h6 15. e4 f4
16. gxf4 exf4 17. Bb2 g5 18. Nb5 Bxb2 19. Rxb2 Ng6 20. Ned4 Ne5 21. Kh1 Kh7 22.
Nf5 Bxf5 23. exf5 Nbd7 24. Nd4 Rf6 25. Ne6 Qc8 26. h4 Nf7 27. Bh3 Nc5 28. Qd4
Ne5 29. Nxc5 1-0

[Event "DEM U14"]
[Site "Willingen"]
[Date "2006.06.06"]
[Round "5.1"]
[White "Tkachuk, Konstantyn"]
[Black "Zelbel, Patrick"]
[Result "0-1"]
[WhiteElo "1987"]
[BlackElo "2019"]
[PlyCount "76"]
[EventDate "2006.??.??"]
[EventType "swiss"]
[EventRounds "9"]
[EventCountry "GER"]

1. e4 e5 2. Nf3 Nc6 3. Bc4 Nf6 4. d4 exd4 5. e5 d5 6. Bb5 Ne4 7. Nxd4 Bd7 8.
Bxc6 bxc6 9. O-O Bc5 10. f3 Ng5 11. f4 Ne4 12. Be3 Bb6 13. Nd2 Nxd2 14. Qxd2 c5
15. Nb3 d4 16. Bf2 Bb5 17. Rfd1 Qd5 18. Bh4 Bc6 19. Kh1 g5 20. Bxg5 Rg8 21. c4
Qxc4 22. Rac1 Qd5 23. Rc2 h6 24. Bf6 Rxg2 25. Qxg2 Qe6 26. Rdd2 Bxg2+ 27. Rxg2
Qd5 28. Nd2 Kd7 29. b3 Rg8 30. Nc4 Qe4 31. h4 Rxg2 32. Rxg2 d3 33. Kg1 Qd4+ 34.
Kh2 Qxf4+ 35. Kh3 Ba5 36. Nxa5 d2 37. Rxd2+ Qxd2 38. Nc4 Qxa2 0-1

[Event "DEM U14"]
[Site "Willingen"]
[Date "2006.06.06"]
[Round "5.2"]
[White "Heimann, Andreas"]
[Black "Jorczik, Julian"]
[Result "1/2-1/2"]
[WhiteElo "2136"]
[BlackElo "2170"]
[PlyCount "105"]
[EventDate "2006.??.??"]
[EventType "swiss"]
[EventRounds "9"]
[EventCountry "GER"]

1. e4 c6 2. d4 d5 3. Nc3 dxe4 4. Nxe4 Bf5 5. Ng3 Bg6 6. Nf3 Nd7 7. h4 h6 8. h5
Bh7 9. Bd3 Bxd3 10. Qxd3 e6 11. Bd2 Ngf6 12. O-O-O Be7 13. Ne4 Nxe4 14. Qxe4
Nf6 15. Qe2 Qd5 16. c4 Qe4 17. Qxe4 Nxe4 18. Be3 Nf6 19. Ne5 Bd6 20. f3 Rc8 21.
Kb1 b5 22. Rc1 O-O 23. g4 bxc4 24. Rxc4 c5 25. Rhc1 Nd5 26. Bg1 Rc7 27. Nd3 Nb6
28. R4c2 c4 29. Ne5 Rfc8 30. Bf2 f6 31. Ng6 Nd5 32. Be1 a6 33. Ba5 Rc6 34. Bd2
Kf7 35. f4 Bb4 36. g5 a5 37. gxh6 gxh6 38. Rg1 Bxd2 39. Rxd2 Rb8 40. Rf2 Ne3
41. f5 exf5 42. Re1 Re6 43. Rfe2 Rbe8 44. d5 Re4 45. d6 f4 46. Nxf4 Rxf4 47.
Rxe3 Rxe3 48. Rxe3 Rd4 49. Re7+ Kf8 50. Rh7 Rxd6 51. Rxh6 Kg7 52. Rg6+ Kh7 53.
Rg4 1/2-1/2

[Event "DEM U14"]
[Site "Willingen"]
[Date "2006.06.06"]
[Round "5.3"]
[White "Strunski, Andreas"]
[Black "Geske, Julian"]
[Result "1-0"]
[WhiteElo "2146"]
[BlackElo "2140"]
[PlyCount "45"]
[EventDate "2006.??.??"]
[EventType "swiss"]
[EventRounds "9"]
[EventCountry "GER"]

1. d4 Nf6 2. c4 g6 3. Nc3 d5 4. Nf3 Bg7 5. Bg5 dxc4 6. e4 c5 7. d5 b5 8. e5 Ng4
9. d6 Nc6 10. Nd5 Be6 11. Nc7+ Kf8 12. dxe7+ Nxe7 13. Nxa8 Qxa8 14. Qd6 Qe8 15.
Rd1 Bc8 16. h3 Nh6 17. g4 a6 18. Bg2 Nhg8 19. O-O a5 20. Rd2 h6 21. Be3 g5 22.
Bxc5 b4 23. Qc7 1-0

[Event "DEM U14"]
[Site "Willingen"]
[Date "2006.06.06"]
[Round "5.4"]
[White "Hirneise, Jens"]
[Black "Specht, Christian"]
[Result "1-0"]
[WhiteElo "2006"]
[BlackElo "1933"]
[PlyCount "39"]
[EventDate "2006.??.??"]
[EventType "swiss"]
[EventRounds "9"]
[EventCountry "GER"]

1. e4 c5 2. Nf3 Nc6 3. d4 cxd4 4. Nxd4 Nf6 5. Nc3 e5 6. Ndb5 d6 7. Bg5 a6 8.
Na3 b5 9. Nd5 Be7 10. Bxf6 Bxf6 11. c3 Ne7 12. Nxf6+ gxf6 13. Be2 Bb7 14. Bf3
Qb6 15. Nc2 f5 16. exf5 Nxf5 17. Qd3 Ne7 18. Bxb7 Qxb7 19. Qxd6 Qxg2 20. O-O-O
1-0

[Event "DEM U14"]
[Site "Willingen"]
[Date "2006.06.06"]
[Round "5.5"]
[White "Graf, Felix"]
[Black "Aslan, Benjamin"]
[Result "1-0"]
[WhiteElo "2209"]
[BlackElo "1837"]
[PlyCount "71"]
[EventDate "2006.??.??"]
[EventType "swiss"]
[EventRounds "9"]
[EventCountry "GER"]

1. d4 Nf6 2. c4 e6 3. Nf3 b6 4. a3 Ba6 5. Qc2 Bb7 6. Nc3 c5 7. e4 cxd4 8. Nxd4
d6 9. Be2 Be7 10. O-O Nbd7 11. f4 O-O 12. Be3 Rc8 13. Rad1 a6 14. Qb1 Qc7 15.
g4 Qb8 16. g5 Ne8 17. f5 Nc7 18. fxe6 fxe6 19. Bg4 Rxf1+ 20. Rxf1 Ne5 21. Qd1
Nxc4 22. Bc1 Rf8 23. Nxe6 Rxf1+ 24. Qxf1 Ne5 25. Nxc7 Nxg4 26. N7d5 Bf8 27. Qd1
Qc8 28. Kg2 Qe6 29. Qb3 Qf7 30. Qxb6 Bc8 31. Bf4 Qh5 32. Qd8 Nxh2 33. Qxc8 Qf3+
34. Kxh2 Qf2+ 35. Kh3 Qf1+ 36. Kh4 1-0

[Event "DEM U14"]
[Site "Willingen"]
[Date "2006.06.06"]
[Round "5.6"]
[White "Nuber, Blasius"]
[Black "Schubert, Sven"]
[Result "1/2-1/2"]
[WhiteElo "2041"]
[BlackElo "1977"]
[PlyCount "81"]
[EventDate "2006.??.??"]
[EventType "swiss"]
[EventRounds "9"]
[EventCountry "GER"]

1. e4 e5 2. Nf3 Nc6 3. d4 exd4 4. Nxd4 Bc5 5. Be3 Qf6 6. c3 Nge7 7. Bc4 Ne5 8.
Be2 Qg6 9. Bf3 Nxf3+ 10. Qxf3 O-O 11. Nd2 d6 12. O-O c6 13. Qg3 Qxg3 14. hxg3
Ng6 15. Rad1 Re8 16. f3 d5 17. Bf2 Be6 18. Nxe6 Bxf2+ 19. Rxf2 fxe6 20. f4 Rad8
21. Kf1 e5 22. f5 dxe4 23. Ke2 e3 24. Kxe3 Ne7 25. Ke2 Rf8 26. g4 h5 27. gxh5
Nxf5 28. Rf3 Ne7 29. Rdf1 Nd5 30. Rxf8+ Rxf8 31. Rxf8+ Kxf8 32. Kf3 Nf6 33. g4
b5 34. Ne4 Ke7 35. Ng3 Ke6 36. g5 Nd5 37. Ke4 Ne7 38. b4 Nd5 39. Ne2 Ne7 40.
Ng3 Nd5 41. Ne2 1/2-1/2

[Event "DEM U14"]
[Site "Willingen"]
[Date "2006.06.06"]
[Round "5.7"]
[White "Raykhman, Alexander"]
[Black "Korman, Maxim"]
[Result "1/2-1/2"]
[WhiteElo "1955"]
[BlackElo "2036"]
[PlyCount "72"]
[EventDate "2006.??.??"]
[EventType "swiss"]
[EventRounds "9"]
[EventCountry "GER"]

1. e4 e6 2. d4 d5 3. e5 c5 4. c3 Nc6 5. Nf3 Qb6 6. a3 a5 7. Bd3 Bd7 8. O-O cxd4
9. cxd4 Nge7 10. Nc3 Nxd4 11. Nxd4 Qxd4 12. Re1 Qb6 13. Qg4 h6 14. Be3 Qd8 15.
Na4 Bxa4 16. Qxa4+ Qd7 17. Bb5 Nc6 18. Rac1 Rc8 19. Rc2 Be7 20. Qg4 Kf8 21. Qa4
g6 22. Rec1 Kg7 23. Bb6 Bd8 24. Bc5 Be7 25. Bxe7 Qxe7 26. Bxc6 Rxc6 27. Rxc6
bxc6 28. Qxa5 Qb7 29. Qc3 c5 30. Rc2 c4 31. h3 Rb8 32. Kh2 Qa7 33. Qe3 Qe7 34.
Qd4 Rb3 35. Qf4 g5 36. Qd2 Rd3 1/2-1/2

[Event "DEM U14"]
[Site "Willingen"]
[Date "2006.06.06"]
[Round "5.8"]
[White "Kaphle, Stephan"]
[Black "Belger, Christian"]
[Result "1-0"]
[WhiteElo "2020"]
[BlackElo "1966"]
[PlyCount "77"]
[EventDate "2006.??.??"]
[EventType "swiss"]
[EventRounds "9"]
[EventCountry "GER"]

1. e4 c5 2. Nf3 Nc6 3. d4 cxd4 4. Nxd4 g6 5. c4 Bg7 6. Be3 Nf6 7. Nc3 O-O 8.
Be2 d6 9. O-O Bd7 10. Qd2 Nxd4 11. Bxd4 Bc6 12. f3 a5 13. b3 Nd7 14. Be3 Nc5
15. Rab1 Qb6 16. Rfc1 Rfc8 17. Rc2 h5 18. Bf1 Kh7 19. Nd5 Qd8 20. Bg5 Bxd5 21.
exd5 Nd7 22. Kh1 Bf6 23. Be3 b6 24. Be2 Qh8 25. Rf1 Rf8 26. f4 Qg7 27. a3 Nc5
28. b4 axb4 29. axb4 Nd7 30. g4 hxg4 31. Bxg4 Rfd8 32. Bxd7 Rxd7 33. Bxb6 Ra3
34. Qg2 Qh6 35. c5 dxc5 36. bxc5 Rb7 37. d6 Rb8 38. d7 e6 39. c6 1-0

[Event "DEM U14"]
[Site "Willingen"]
[Date "2006.06.06"]
[Round "5.9"]
[White "Fischer, Thomas"]
[Black "Bart, Simon"]
[Result "1/2-1/2"]
[WhiteElo "2045"]
[BlackElo "1667"]
[PlyCount "118"]
[EventDate "2006.??.??"]
[EventType "swiss"]
[EventRounds "9"]
[EventCountry "GER"]

1. d4 d5 2. Bf4 Nf6 3. e3 e6 4. Nd2 Bd6 5. Bg3 O-O 6. Bd3 c5 7. c3 Nc6 8. f4
Qb6 9. Rb1 cxd4 10. exd4 Qc7 11. Nh3 Ne8 12. O-O f5 13. Bh4 Be7 14. Bxe7 Nxe7
15. Nf3 Nf6 16. Ne5 Nc6 17. Qe2 Ne4 18. Rf3 Bd7 19. Nf2 Nxe5 20. fxe5 Ng5 21.
Rg3 Qd8 22. Qh5 h6 23. Re3 f4 24. Ree1 Be8 25. Bg6 Rf5 26. Bxe8 Qxe8 27. Qxe8+
Rxe8 28. h4 Nf7 29. Nd3 Rf8 30. Rf1 g5 31. Nc5 Nd8 32. Nd7 R8f7 33. Nf6+ Kf8
34. hxg5 hxg5 35. g4 fxg3 36. Kg2 Rxf1 37. Rxf1 Kg7 38. Kxg3 Kg6 39. Rh1 Rf8
40. Ng4 Nc6 41. Rh6+ Kf5 42. Rh7 Nd8 43. Nf6 Kg6 44. Re7 Kf5 45. Rg7 Rh8 46.
Nh7 Ke4 47. Nxg5+ Kd3 48. Nf7 Nxf7 49. Rxf7 b5 50. Rxa7 Kc2 51. Rc7 Kxb2 52.
Kf4 Kxa2 53. Kg5 Rf8 54. Kg6 Kb3 55. Rf7 Rxf7 56. Kxf7 Kxc3 57. Kxe6 Kxd4 58.
Kd6 b4 59. e6 b3 1/2-1/2

[Event "DEM U14"]
[Site "Willingen"]
[Date "2006.06.06"]
[Round "5.11"]
[White "Nolte, Christoph"]
[Black "Petermann, Michail"]
[Result "1/2-1/2"]
[WhiteElo "1823"]
[BlackElo "1852"]
[PlyCount "54"]
[EventDate "2006.??.??"]
[EventType "swiss"]
[EventRounds "9"]
[EventCountry "GER"]

1. e4 e5 2. Nf3 Nf6 3. Nxe5 d6 4. Nf3 Nxe4 5. d4 d5 6. Bf4 Bd6 7. Bxd6 Qxd6 8.
Bd3 O-O 9. c3 Re8 10. O-O Nd7 11. Nbd2 b6 12. Re1 Bb7 13. Qc2 Ndf6 14. Ne5 c5
15. f3 Nxd2 16. Qxd2 Nd7 17. Nxd7 Qxd7 18. Kf2 Qd6 19. g3 Rac8 20. Rxe8+ Rxe8
21. Re1 Rxe1 22. Qxe1 Kf8 23. Bb5 Bc6 24. Bxc6 Qxc6 25. Qe5 Qd7 26. Qb8+ Ke7
27. Qe5+ Kf8 1/2-1/2

[Event "DEM U14"]
[Site "Willingen"]
[Date "2006.06.06"]
[Round "5.12"]
[White "Colpe, Malte"]
[Black "Schiffner, Kevin"]
[Result "1/2-1/2"]
[WhiteElo "1960"]
[BlackElo "1568"]
[PlyCount "94"]
[EventDate "2006.??.??"]
[EventType "swiss"]
[EventRounds "9"]
[EventCountry "GER"]

1. d4 Nf6 2. Nf3 g6 3. c4 Bg7 4. Nc3 d6 5. e4 Nbd7 6. Be2 O-O 7. O-O e5 8. d5
Nc5 9. Qc2 a5 10. Ne1 Bg4 11. Bxg4 Nxg4 12. f3 Nf6 13. Be3 b6 14. Nd3 Nh5 15.
a3 Nxd3 16. Qxd3 a4 17. Qc2 Qd7 18. b4 axb3 19. Qxb3 f5 20. Qb5 Qe7 21. a4 Nf6
22. h3 h6 23. a5 bxa5 24. Rxa5 Rab8 25. Qa4 fxe4 26. fxe4 Rb2 27. Qa3 Rb7 28.
c5 Rfb8 29. Ra8 Kh7 30. Rxb8 Rxb8 31. Qa7 Qd8 32. cxd6 Rc8 33. dxc7 Qxc7 34.
Qxc7 Rxc7 35. Rc1 Bf8 36. Kf1 Ba3 37. Rc2 Nxe4 38. d6 Nxd6 39. Ke2 Bb4 40. Kd3
e4+ 41. Nxe4 Rxc2 42. Nf6+ Kg7 43. Bxh6+ Kxh6 44. Kxc2 Kg5 45. Nd5 Bc5 46. Ne7
Nf5 47. Nxg6 Kxg6 1/2-1/2

[Event "DEM U14"]
[Site "Willingen"]
[Date "2006.06.06"]
[Round "5.13"]
[White "Höfer, Michael"]
[Black "Steinacker, Alex"]
[Result "0-1"]
[WhiteElo "1526"]
[BlackElo "1605"]
[PlyCount "126"]
[EventDate "2006.??.??"]
[EventType "swiss"]
[EventRounds "9"]
[EventCountry "GER"]

1. e4 c5 2. Nf3 Nc6 3. d4 cxd4 4. Nxd4 g6 5. Nc3 Bg7 6. Be3 d6 7. Bc4 Nf6 8.
O-O O-O 9. Qd2 Bd7 10. f4 Rc8 11. Bb3 a6 12. Nxc6 Bxc6 13. Bd5 Nxd5 14. exd5
Bd7 15. Bd4 f6 16. Rae1 Bf5 17. Qe3 Re8 18. Bb6 Qd7 19. Qd2 Bh6 20. h3 g5 21.
g4 Bg6 22. f5 Bf7 23. Qf2 Rc4 24. a3 Rec8 25. Qg3 Bg7 26. Re2 h5 27. Rfe1 Bf8
28. Re4 Rxe4 29. Rxe4 h4 30. Qd3 Kg7 31. Rc4 Bg8 32. Kf2 Bh7 33. Ne4 Rxc4 34.
Qxc4 Bxf5 35. gxf5 Qxf5+ 36. Kg2 Qf4 37. Qd3 f5 38. Nf2 Kh6 39. Qf3 Qe5 40. Nd3
Qf6 41. c3 Bg7 42. Be3 Qg6 43. Qf2 Kh7 44. Kh2 Be5+ 45. Kh1 f4 46. Nxf4 Bxf4
47. Bxf4 Qe4+ 48. Kg1 Qxf4 49. Qxf4 gxf4 50. a4 Kg6 51. Kg2 Kf5 52. Kf3 Ke5 53.
c4 a5 54. b3 b6 55. Kf2 Ke4 56. Ke2 f3+ 57. Kf2 Kf4 58. Kf1 Kg3 59. Kg1 Kxh3
60. Kf2 Kg4 61. Kf1 Kg3 62. Kg1 f2+ 63. Kf1 h3 0-1

[Event "DEM U14"]
[Site "Willingen"]
[Date "2006.06.06"]
[Round "5.14"]
[White "Marx, Joschka"]
[Black "Völsgen, Georg"]
[Result "0-1"]
[WhiteElo "1674"]
[BlackElo "1760"]
[PlyCount "56"]
[EventDate "2006.??.??"]
[EventType "swiss"]
[EventRounds "9"]
[EventCountry "GER"]

1. e4 e5 2. Nf3 Nc6 3. Bb5 a6 4. Ba4 Nf6 5. O-O b5 6. Bb3 Be7 7. Re1 d6 8. h3
O-O 9. c3 Bb7 10. d4 Re8 11. Nbd2 Bf8 12. Bc2 Nb8 13. a4 Nbd7 14. b4 Nb6 15. a5
Nbd7 16. Nh2 exd4 17. cxd4 c5 18. bxc5 dxc5 19. d5 c4 20. Ng4 Bb4 21. d6 Nxg4
22. hxg4 Ne5 23. g5 Qxd6 24. Qe2 Rad8 25. Rd1 Qe6 26. f4 Bc5+ 27. Kh2 Ng4+ 28.
Kg3 Ne3 0-1

[Event "DEM U14"]
[Site "Willingen"]
[Date "2006.06.07"]
[Round "7.1"]
[White "Graf, Felix"]
[Black "Hirneise, Jens"]
[Result "0-1"]
[WhiteElo "2209"]
[BlackElo "2006"]
[PlyCount "80"]
[EventDate "2006.??.??"]
[EventType "swiss"]
[EventRounds "9"]
[EventCountry "GER"]

1. d4 Nf6 2. c4 g6 3. Nc3 Bg7 4. e4 d6 5. f3 O-O 6. Be3 a6 7. Nge2 Nbd7 8. Qd2
c5 9. dxc5 dxc5 10. Rd1 Qc7 11. Nf4 e6 12. Nd3 b6 13. Bf4 Qc6 14. g4 b5 15. Bg2
bxc4 16. Nf2 Ne8 17. O-O e5 18. Bg5 Nc7 19. Nd5 Nxd5 20. exd5 Qb6 21. Rc1 a5
22. Rfe1 Ba6 23. Bf1 Rab8 24. Bxc4 Bxc4 25. Rxc4 Qxb2 26. Qxa5 Ra8 27. Qc7 Rxa2
28. Rf1 Qe2 29. Rc3 h6 30. Bc1 Qb5 31. Be3 e4 32. Nxe4 Bxc3 33. Nxc3 Qd3 34.
Nxa2 Qxe3+ 35. Kg2 Ne5 36. Nc1 Nc4 37. d6 Qd2+ 38. Kh3 Ne3 39. Rg1 Qf2 40. Ne2
Qxe2 0-1

[Event "DEM U14"]
[Site "Willingen"]
[Date "2006.06.07"]
[Round "7.2"]
[White "Strunski, Andreas"]
[Black "Jorczik, Julian"]
[Result "0-1"]
[WhiteElo "2146"]
[BlackElo "2170"]
[PlyCount "78"]
[EventDate "2006.??.??"]
[EventType "swiss"]
[EventRounds "9"]
[EventCountry "GER"]

1. d4 Nf6 2. c4 g6 3. Nc3 Bg7 4. e4 d6 5. Nge2 O-O 6. Ng3 c5 7. d5 e6 8. Be2
exd5 9. cxd5 Re8 10. O-O b6 11. Be3 Ba6 12. a4 Bxe2 13. Qxe2 a6 14. f4 h5 15.
Qf3 Ng4 16. Nge2 Nd7 17. Bd2 Qe7 18. Rae1 Rab8 19. Qd3 b5 20. h3 c4 21. Qc2 Nh6
22. axb5 axb5 23. Ng3 Nc5 24. f5 Kh7 25. Rf3 Nd3 26. Rxd3 cxd3 27. Qxd3 h4 28.
Nf1 b4 29. Nb5 Qb7 30. Nd4 Bxd4+ 31. Qxd4 Qb6 32. Qxb6 Rxb6 33. Bg5 Nxf5 34.
Ne3 Nxe3 35. Rxe3 Rb5 36. Kf2 Rc5 37. Re2 b3 38. Bxh4 Rc2 39. Bf6 Rxe4 0-1

[Event "DEM U14"]
[Site "Willingen"]
[Date "2006.06.07"]
[Round "7.3"]
[White "Heimann, Andreas"]
[Black "Zelbel, Patrick"]
[Result "1-0"]
[WhiteElo "2136"]
[BlackElo "2019"]
[PlyCount "59"]
[EventDate "2006.??.??"]
[EventType "swiss"]
[EventRounds "9"]
[EventCountry "GER"]

1. e4 e5 2. Nf3 Nc6 3. d4 exd4 4. Nxd4 Nf6 5. Nxc6 bxc6 6. e5 Qe7 7. Qe2 Nd5 8.
c4 Nb6 9. Nc3 Qb4 10. Qd3 Ba6 11. b3 Qa5 12. Bb2 Qxe5+ 13. Be2 O-O-O 14. O-O-O
Qg5+ 15. f4 Qxf4+ 16. Kb1 Qg5 17. Qh3 Be7 18. Rhf1 Rhf8 19. Rf5 Qh4 20. Qf3 g6
21. Ra5 Bb7 22. g3 Qh6 23. c5 Nd5 24. Na4 Qe3 25. Qf1 Kb8 26. Ka1 Ka8 27. Ba6
Rb8 28. Bc4 Bg5 29. Bxd5 cxd5 30. Bd4 1-0

[Event "DEM U14"]
[Site "Willingen"]
[Date "2006.06.07"]
[Round "7.4"]
[White "Kaphle, Stephan"]
[Black "Tkachuk, Konstantyn"]
[Result "0-1"]
[WhiteElo "2020"]
[BlackElo "1987"]
[PlyCount "40"]
[EventDate "2006.??.??"]
[EventType "swiss"]
[EventRounds "9"]
[EventCountry "GER"]

1. e4 c5 2. Nf3 d6 3. d4 cxd4 4. Nxd4 Nf6 5. Nc3 g6 6. Be3 Bg7 7. f3 O-O 8. Qd2
Nc6 9. O-O-O d5 10. exd5 Nxd5 11. Nxc6 bxc6 12. Bc5 Bxc3 13. bxc3 Qa5 14. Qd4
Nxc3 15. Rd3 Nxa2+ 16. Kd1 Bf5 17. Ra3 Qxa3 18. Bxa3 Rfd8 19. Qd2 Nc3+ 20. Kc1
Rxd2 0-1

[Event "DEM U14"]
[Site "Willingen"]
[Date "2006.06.07"]
[Round "7.5"]
[White "Aslan, Benjamin"]
[Black "Geske, Julian"]
[Result "0-1"]
[WhiteElo "1837"]
[BlackElo "2140"]
[PlyCount "60"]
[EventDate "2006.??.??"]
[EventType "swiss"]
[EventRounds "9"]
[EventCountry "GER"]

1. d4 Nf6 2. c4 g6 3. Nc3 d5 4. Bg5 Ne4 5. Nxe4 dxe4 6. e3 Bg7 7. Ne2 c5 8. Qd2
O-O 9. d5 Qc7 10. Nc3 Bf5 11. Be2 h5 12. Bd1 Na6 13. a3 Rfe8 14. Bc2 Qb6 15.
Rb1 f6 16. Nxe4 fxg5 17. Nxg5 Bxc2 18. Qxc2 Qf6 19. Ne6 Rac8 20. O-O Nc7 21.
Nxc5 b6 22. Ne4 Qf5 23. Rfd1 Nxd5 24. Rbc1 Nf6 25. Nxf6+ Bxf6 26. e4 Qe5 27. b4
Red8 28. Rd5 Qb2 29. Qd1 e6 30. Rb1 Qa2 0-1

[Event "DEM U14"]
[Site "Willingen"]
[Date "2006.06.07"]
[Round "7.6"]
[White "Fischer, Thomas"]
[Black "Korman, Maxim"]
[Result "1-0"]
[WhiteElo "2045"]
[BlackElo "2036"]
[PlyCount "65"]
[EventDate "2006.??.??"]
[EventType "swiss"]
[EventRounds "9"]
[EventCountry "GER"]

1. d4 Nf6 2. Bf4 c5 3. e3 e6 4. Nd2 b6 5. a4 Nc6 6. c3 Bb7 7. Ngf3 Be7 8. h3
O-O 9. Bd3 cxd4 10. exd4 d6 11. O-O Qc7 12. Bh2 Rfe8 13. Re1 Rad8 14. Bf1 Bf8
15. Qc2 Ne7 16. a5 bxa5 17. Qa4 Nc6 18. Nc4 Rb8 19. Nfd2 Ba6 20. Nxd6 Bxd6 21.
Bxd6 Qxd6 22. Bxa6 Nxd4 23. Bf1 Nc6 24. Nc4 Qc5 25. Nxa5 Nxa5 26. Qxa5 Qxa5 27.
Rxa5 Rxb2 28. Rxa7 Rc2 29. c4 Rc8 30. Rb1 Rf8 31. g3 Ne8 32. Rb8 Nd6 33. Raa8
1-0

[Event "DEM U14"]
[Site "Willingen"]
[Date "2006.06.07"]
[Round "7.7"]
[White "Nuber, Blasius"]
[Black "Specht, Christian"]
[Result "1/2-1/2"]
[WhiteElo "2041"]
[BlackElo "1933"]
[PlyCount "88"]
[EventDate "2006.??.??"]
[EventType "swiss"]
[EventRounds "9"]
[EventCountry "GER"]

1. e4 c5 2. c3 d5 3. exd5 Qxd5 4. Nf3 Nf6 5. d4 Bg4 6. Be2 e6 7. Na3 Nc6 8. O-O
Be7 9. Nb5 Rc8 10. h3 Bh5 11. c4 Qd8 12. dxc5 Bxc5 13. Bf4 O-O 14. a3 a6 15.
Nd6 Rc7 16. b4 Bxd6 17. Qxd6 Rd7 18. Qc5 Qe7 19. Qxe7 Nxe7 20. g4 Bg6 21. Ne5
Rdd8 22. Rfd1 Bc2 23. Rxd8 Rxd8 24. Rc1 Ba4 25. Bf3 Nc6 26. g5 Ne8 27. Nxc6
Bxc6 28. Rd1 Rxd1+ 29. Bxd1 Be4 30. Ba4 Kf8 31. b5 axb5 32. cxb5 Ke7 33. b6 Nd6
34. Bd2 f6 35. h4 fxg5 36. Bxg5+ Kf7 37. Bb3 Bd5 38. Bc2 Nc4 39. Bxh7 g6 40. h5
gxh5 41. Bd3 Nxb6 42. Bd8 Nd7 43. Be2 Nf6 44. Kh2 Kg6 1/2-1/2

[Event "DEM U14"]
[Site "Willingen"]
[Date "2006.06.07"]
[Round "7.9"]
[White "Raykhman, Alexander"]
[Black "Nolte, Christoph"]
[Result "1-0"]
[WhiteElo "1955"]
[BlackElo "1823"]
[PlyCount "79"]
[EventDate "2006.??.??"]
[EventType "swiss"]
[EventRounds "9"]
[EventCountry "GER"]

1. e4 e6 2. d4 d5 3. Nd2 Nf6 4. e5 Nfd7 5. Bd3 c5 6. c3 Nc6 7. Ne2 cxd4 8. cxd4
Qb6 9. Nf3 f6 10. exf6 Nxf6 11. O-O Bd6 12. b3 O-O 13. Bb2 Bd7 14. Ng3 Rac8 15.
Ne5 Kh8 16. Nxd7 Nxd7 17. Qg4 Bxg3 18. hxg3 Nb4 19. Qe2 Nxd3 20. Qxd3 Qd6 21.
Bc1 e5 22. dxe5 Nxe5 23. Qd4 Nc6 24. Qd2 Rfe8 25. Bb2 Rc7 26. a4 a6 27. Rad1
Rd7 28. Qg5 d4 29. Rd3 Re5 30. Qh4 Rd5 31. Rfd1 Kg8 32. Qe4 Rd8 33. f4 g6 34.
g4 Qd7 35. f5 gxf5 36. gxf5 Qxf5 37. Rg3+ Kh8 38. Rxd4 Qxe4 39. Rxd5+ Qd4+ 40.
Bxd4+ 1-0

[Event "DEM U14"]
[Site "Willingen"]
[Date "2006.06.07"]
[Round "7.10"]
[White "Völsgen, Georg"]
[Black "Kachibadze, Georg"]
[Result "0-1"]
[WhiteElo "1760"]
[BlackElo "1976"]
[PlyCount "76"]
[EventDate "2006.??.??"]
[EventType "swiss"]
[EventRounds "9"]
[EventCountry "GER"]

1. e4 c5 2. Nc3 Nc6 3. f4 g6 4. Nf3 Bg7 5. Bb5 Nd4 6. Nxd4 cxd4 7. Ne2 Qb6 8.
Bd3 d6 9. O-O e5 10. Kh1 Bg4 11. h3 Bd7 12. Bc4 Nf6 13. d3 O-O 14. Bb3 Qc5 15.
Ng3 a5 16. a4 Rac8 17. f5 Kh8 18. Bg5 h6 19. Bxf6 Bxf6 20. Qe2 Bh4 21. Qg4 Bxg3
22. Qxg3 g5 23. h4 f6 24. Qf3 Kg7 25. h5 Be8 26. Rf2 Bf7 27. Bxf7 Rxf7 28. Qe2
Qb4 29. b3 Rfc7 30. Qd1 Rc3 31. Ra2 R8c5 32. Rd2 Qb6 33. Qe2 Qc6 34. Kh2 Kf7
35. g4 d5 36. Kg1 dxe4 37. dxe4 Rg3+ 38. Kf2 Re3 0-1

[Event "DEM U14"]
[Site "Willingen"]
[Date "2006.06.07"]
[Round "7.11"]
[White "Schiffner, Kevin"]
[Black "Belger, Christian"]
[Result "1-0"]
[WhiteElo "1568"]
[BlackElo "1966"]
[PlyCount "101"]
[EventDate "2006.??.??"]
[EventType "swiss"]
[EventRounds "9"]
[EventCountry "GER"]

1. e4 c5 2. Nf3 Nc6 3. d4 cxd4 4. Nxd4 g6 5. Nc3 Bg7 6. Be3 Nf6 7. f3 O-O 8.
Qd2 d5 9. exd5 Nxd5 10. Nxd5 Qxd5 11. c3 Nxd4 12. Bxd4 Bxd4 13. Qxd4 Qxd4 14.
cxd4 Rd8 15. Rd1 Be6 16. b3 Rd6 17. Bc4 Bxc4 18. bxc4 Rad8 19. d5 e6 20. O-O
exd5 21. cxd5 Rxd5 22. Rb1 Rd2 23. Rf2 Rd1+ 24. Rf1 Rxb1 25. Rxb1 Rd2 26. Rxb7
Rxa2 27. h4 Kg7 28. Kh2 a5 29. Ra7 a4 30. Ra6 h6 31. Kg3 g5 32. h5 a3 33. Kh2
Ra1 34. Ra5 a2 35. Ra6 f6 36. Ra7+ Kf8 37. g4 Ke8 38. Kg2 Kd8 39. Kh3 Kc8 40.
Kg2 Kb8 41. Ra5 Kc7 42. Ra7+ Kd6 43. Ra6+ Kd5 44. Ra5+ Kc4 45. Ra8 Kb3 46. Rb8+
Kc4 47. Ra8 Kc3 48. Rc8+ Kd3 49. Rd8+ Ke3 50. Re8+ Kf4 51. Re4# 1-0

[Event "DEM U14"]
[Site "Willingen"]
[Date "2006.06.07"]
[Round "7.12"]
[White "Doberitz, Paul"]
[Black "Steinacker, Alex"]
[Result "1/2-1/2"]
[WhiteElo "1766"]
[BlackElo "1605"]
[PlyCount "90"]
[EventDate "2006.??.??"]
[EventType "swiss"]
[EventRounds "9"]
[EventCountry "GER"]

1. e4 c5 2. Nf3 Nc6 3. d4 cxd4 4. Nxd4 g6 5. Nc3 Bg7 6. Be3 Nf6 7. Bc4 Qa5 8.
f3 Qb4 9. Bb3 Nxe4 10. Nxc6 Bxc3+ 11. bxc3 Qxc3+ 12. Ke2 dxc6 13. Bd4 e5 14.
Be3 b6 15. Qd3 Qxd3+ 16. Kxd3 Nd6 17. Rhe1 Bf5+ 18. Kc3 f6 19. Kb2 Ke7 20. g4
Be6 21. Rad1 Bxb3 22. cxb3 Rhd8 23. Bd2 Kf7 24. g5 Nb7 25. Kc2 Rd5 26. gxf6
Kxf6 27. Bc3 Rad8 28. f4 Rxd1 29. Bxe5+ Kf5 30. Rxd1 Rxd1 31. Kxd1 g5 32. Bb8
gxf4 33. Bxa7 b5 34. Bf2 Ke4 35. Ke2 Nd6 36. Bc5 Nb7 37. Bf2 c5 38. Be1 f3+ 39.
Kd2 Nd6 40. Bg3 Nf5 41. Bf2 Nd4 42. Bg1 c4 43. bxc4 bxc4 44. Bf2 Kd5 45. a4 h5
1/2-1/2

[Event "DEM U14"]
[Site "Willingen"]
[Date "2006.06.07"]
[Round "7.13"]
[White "Höfer, Michael"]
[Black "Petermann, Michail"]
[Result "0-1"]
[WhiteElo "1526"]
[BlackElo "1852"]
[PlyCount "78"]
[EventDate "2006.??.??"]
[EventType "swiss"]
[EventRounds "9"]
[EventCountry "GER"]

1. e4 c5 2. Nf3 d6 3. d4 cxd4 4. Nxd4 Nf6 5. Nc3 a6 6. Bg5 e6 7. Bc4 Be7 8. O-O
O-O 9. Re1 Qa5 10. Be3 Nbd7 11. f4 Re8 12. f5 e5 13. Nb3 Qc7 14. Bd5 Nb6 15.
Bxb6 Qxb6+ 16. Kh1 Bd7 17. Qd3 Ng4 18. Nd1 Bc6 19. h3 Nf6 20. Ne3 Rac8 21. c4
Bxd5 22. cxd5 Nh5 23. Kh2 Bg5 24. Nf1 Qf2 25. Re2 Nf4 26. Rxf2 Nxd3 27. Re2 Rc7
28. g3 Rec8 29. Rd1 Rc2 30. Rxc2 Rxc2+ 31. Kg1 Nxb2 32. Rb1 Nc4 33. h4 Bd8 34.
Na1 Rxa2 35. Rxb7 Kf8 36. Rb8 Rxa1 37. Rxd8+ Ke7 38. Rb8 Ne3 39. Rb7+ Kf6 0-1